Global Positioning System Signals Measurements and Performance (Record no. 30530)
[ view plain ]
| 000 -LEADER | |
|---|---|
| fixed length control field | 00404nam a2200157Ia 4500 |
| 003 - CONTROL NUMBER IDENTIFIER | |
| control field | 0Nust |
| 005 - DATE AND TIME OF LATEST TRANSACTION | |
| control field | 20170105110248.0 |
| 008 - FIXED-LENGTH DATA ELEMENTS--GENERAL INFORMATION | |
| fixed length control field | 161124s9999 xx 000 0 und d |
| 040 ## - CATALOGING SOURCE | |
| Transcribing agency | IGIS |
| 041 ## - LANGUAGE CODE | |
| Language code of text/sound track or separate title | English |
| 082 ## - DEWEY DECIMAL CLASSIFICATION NUMBER | |
| Classification number | 551.46084432 |
| Author Mark | MIS |
| 100 ## - MAIN ENTRY--PERSONAL NAME | |
| Personal name | Pratap Misra Per Enge |
| 245 ## - TITLE STATEMENT | |
| Title | Global Positioning System Signals Measurements and Performance |
| 260 ## - PUBLICATION, DISTRIBUTION, ETC. | |
| Place of publication, distribution, etc. | USA |
| Name of publisher, distributor, etc. | Ganga jamuna Press |
| Date of publication, distribution, etc. | 2004 |
| 300 ## - PHYSICAL DESCRIPTION | |
| Extent | 390 |
| 942 ## - ADDED ENTRY ELEMENTS (KOHA) | |
| Koha item type | Book |
| Withdrawn status | Lost status | Damaged status | Not for loan | Collection code | Permanent Location | Current Location | Date acquired | Total Checkouts | Full call number | Barcode | Date last seen | Price effective from | Koha item type |
|---|---|---|---|---|---|---|---|---|---|---|---|---|---|
| Institute of Geographical Information Systems (IGIS) | Institute of Geographical Information Systems (IGIS) | 551.46084432MIS | IGIS151 | 01/05/2017 | Book |
